000 01373nam a2200361Ia 4500
001 Z_6798
003 CHAP
005 20230602114944.0
008 220113s2015 xx 000 0 und d
010 _a170075
040 _cCHAP
090 _aTesis H476 2464
100 _aHernández Martínez, Pedro Joseph
_9130255
245 _aLevaduras ( Saccharomyces cerevisiae) y oligosácaridos (mánanos) en la dieta de engorda de toretes holstein /
_cPedro Joseph Hernández Martínez y Nancy Martínez Dávalos
260 _aMéxico :
_bEl autor,
_c2015
300 _a54 p
502 _aTesis (Ingeniero Agrónomo Especialista en Zootecnia) -- UACh, 2015 \ Dirección: Carlos Sánchez del Real; asesoría: Melitón Córdova Alvarez y Oscar Almeraya Almeraya
650 _aAditivos
_9144515
650 _aAlimentos
_94114
650 _aComportamiento productivo
_9143438
650 _aGanado bovino
_9138033
650 _aToretes holstein
_9145977
700 _a Almeraya Almeraya, Oscar, asesor
_9145978
700 _a Córdova Alvarez, Melitón, asesor
_9142495
700 _a Sánchez del Real, Carlos, director
_9139076
700 _aMartínez Dávalos, Nancy, coaut.
_9145979
856 4 2 _uhttp://10.13.5.2/tesis/sist112034.pdf
_yDescargar PDF
901 _aTESIS H476 2464
902 _aM
910 _a2015
942 _c2
_2ddc
942 _c2
_2ddc
999 _c170075
_d170075